Normal view MARC view
  • Chang, Ni-Bin.

Entry Personal Name

Number of records used in: 3

001 - CONTROL NUMBER

  • control field: 25794

003 - CONTROL NUMBER IDENTIFIER

  • control field: NUST

005 - DATE AND TIME OF LATEST TRANSACTION

  • control field: 20191118121952.0

008 - FIXED-LENGTH DATA ELEMENTS

  • fixed length control field: 191118|| aca||aabn | a|a d

040 ## - CATALOGING SOURCE

  • Original cataloging agency: NUST
  • Transcribing agency: NUST

100 ## - HEADING--PERSONAL NAME

  • Personal name: Chang, Ni-Bin.

670 ## - SOURCE DATA FOUND

  • Source citation: Work cat.: (NUST): Chang, Ni-Bin., Applied flow and solute transport modeling../, 2005.
© 2023 Central Library, National University of Sciences and Technology. All Rights Reserved.